Complete the Disney movie title p2 - Statistics

General Stats
  • This quiz has been taken 54 times
  • The average score is 14 of 15
Answer Stats
Hint Answer % Correct
Beauty and the _____ Beast
100%
The Lion ____ King
100%
The ______ Mermaid Little
100%
Toy _____ Story
100%
The _________ of Notre Dame Hunchback
98%
Mary _______ Poppins
98%
The Nightmare ______ Christmas Before
95%
A Bug’s ____ Life
95%
The Rescuers ____ Under Down
91%
The Great _____ Detective Mouse
91%
A Goofy _____ Movie
88%
The Tigger _____ Movie
88%
The _____ Cauldron Black
84%
Who ______ Roger Rabbit Framed
79%
______ and Company Oliver
67%
No matching quizzes found
Score Distribution
Percent of People with Each Score
Percentile by Number Answered
Your Score History
You have not taken this quiz